000 01549nam0a2200349 4500
001 RU\NLR\BIBL_A\012086888
005 20251028142755.0
010 _a978-5-907144-54-5
_9500
021 _aRU
_bКН-П-19-055941
_9КН-П-19-4024
035 _a(NLR Aleph) 012086888
035 _a(RuMoRGB)010051439
090 _a11833886
_c11833886
100 _a20190904d2019 u y0rusy50 ca
101 1 _arus
_ceng
102 _aRU
105 _aac||j|||001zy
200 1 _aPHP: oбъекты, шаблоны и методики программирования
_fМэтт Зандстра
_gперевод с английского И.В. Берштейна
205 _a5-е изд.
210 _aМосква
_aСанкт-Петербург
_cДиалектика
_d2019
215 _a736 с.
_cил., табл.
_d24
300 _aЗагл. и авт. ориг.: PHP objects, patterns, and practice / Matt Zandstra
300 _aНа обл. в вых. дан. также изд. ориг.: Apress
320 _aБиблиогр. в тексте
320 _aПредм. указ.: с. 729-736
454 0 _12001#$aPHP objects, patterns, and practice$fMatt Zandstra
_1700#1$aZandstra$bM.$gMatt
606 _aPHP, язык программирования
_2nlr_sh1
_2nlr_sh2
_3RU\NLR\AUTH\661331704
686 1 _aЗ988.02-018.1
700 1 _aЗандстра
_bМ.
_gМэтт
_3RU\NLR\AUTH\770285968
942 _cBOOK
980 _aNB